Statistics for Universities in Michigan

Click here to take the quiz!

General Stats

  • This quiz has been taken 31 times
  • The average score is 9 of 17

Answer Stats

EnrollmentAnswer% Correct
44,718University of Michigan
100%
50,340Michigan State University
100%
23,227Western Michigan University
97%
25,986Central Michigan University
93%
21,246Eastern Michigan University
93%
25,460Grand Valley State University
77%
27,238Wayne State University
70%
20,012Oakland Community College
67%
14,187Ferris State University
53%
21,734Macomb Community College
30%
13,583Lansing Community College
23%
12,160Washtenaw Community College
17%
14,464Grand Rapids Community College
17%
21,210Baker College
13%
11,339Schoolcraft College
13%
12,653Henry Ford Community College
10%
16,822Wayne County Community College
7%

Score Distribution

Percentile by Number Answered

Percent of People with Each Score

Your Score History

You have not taken this quiz